000 00571nam a2200193Ia 4500
005 20260429112149.0
008 260429s9999||||xx |||||||||||||| ||und||
020 _a9781009568203
041 _aEnglish
082 _a614.518
_bDUT
100 _aDutta, Achintya Kumar
245 0 _aFighting the fever :
_bKala-azar in Eastern India, 1875-1947 /
_cAchintya Kumar Dutta
250 _a1st ed.
260 _aUnited Kingdom :
_bCambridge University Press,
_c2025.
300 _axxiii, 388 p.; hb
650 _a Medical intervention
650 _aKala-azar
942 _cTB
999 _c52678
_d52678